Language teaching texts: a manual for teachers

Na minha lista:
Detalhes bibliográficos
Autor principal: Widdowson, H. G (Author)
Formato: Livro
Idioma:inglês
Publicado em: Oxford Oxford University Press 1971
Colecção:English Studies Series, 8
Assuntos:
Tags: Adicionar Tag
Sem tags, seja o primeiro a adicionar uma tag!

MARC

LEADER 00000nam a2200000 a 4500
001 UCQ3288
003 CL-VaPUC
008 980817e19710000UK |||||||||||||||||eng|d
082 0 4 |a 428.07  |b WID  |2 21 
100 0 |a Widdowson, H. G  |e author  |9 417339 
245 1 0 |a Language teaching texts: a manual for teachers 
300 |a 346 p 
942 |c BK 
945 |d 19980817 00:00:00  |a crobeson 
260 |a Oxford  |b Oxford University Press  |c 1971 
650 0 |a Inglés  |9 260023 
650 0 |a Enseñanza de idiomas  |9 339820 
650 0 |a Educación lingüística  |9 306506 
583 |a last modification  |c 19980817 00:00:00  |k Rodrigo Vera 
490 0 |a English Studies Series, 8 
999 |c 273882  |d 273880 
952 |0 0  |1 0  |4 0  |6 428_070000000000000_WID_1971  |7 0  |8 A  |9 309834  |a BIBEDU  |b BIBEDU  |d 2019-11-20  |i 1455109  |o 428.07 WID 1971  |p 1455109  |r 2019-11-20  |w 2019-11-20  |y BK  |k LIT